000 01475cam a2200313 a 4500
999 _c3658
_d3658
001 1178983
003 Nust
005 20180117090011.0
008 970213s1997 mdua b 001 0 eng
010 _a 97002905
020 _a0801852544
040 _aDLC
_cDLC
_dDLC
043 _ad------
050 0 0 _aHB849.49
_b.D43 1997
082 0 0 _a339.4/07/23
_221
100 1 _aDeaton, Angus.
245 1 4 _aThe analysis of household surveys :
_ba microeconometric approach to development policy /
_cAngus Deaton.
260 _aBaltimore, MD :
_bPublished for the World Bank [by] Johns Hopkins University Press,
_cc1997.
300 _aviii, 479 p. :
_bill. ;
_c24 cm.
504 _aIncludes bibliographical references (p. 439-462) and indexes.
650 0 _aHousehold surveys
_zDeveloping countries
_xMethodology.
651 0 _aDeveloping countries
_xEconomic conditions
_xEconometric models.
856 4 2 _3Publisher description
_uhttp://www.loc.gov/catdir/description/jhu052/97002905.html
906 _a7
_bcbc
_corignew
_d1
_eocip
_f19
_gy-gencatlg
942 _2ddc
_cBK